| 000 | 01271 a2200229 4500 | ||
|---|---|---|---|
| 001 | 63940 | ||
| 005 | 20260521160827.0 | ||
| 008 | 260521a1959 arg spa d | ||
| 003 | AR-UNSa-BCEJYS | ||
| 040 |
_aAR-UNSa-BCEJYS _bspa _cAR-UNSa-BCEJYS |
||
| 080 |
_a658.15 _xAdministración financiera privada. Gestión financiera de empresas |
||
| 245 | 1 | 0 |
_aEconomía de empresa y negocios _pManual de teoría y casos prácticos |
| 264 | 1 |
_aBuenos Aires : _bSelección Contable _c1959 |
|
| 300 |
_axvi, 614 p. _c23 cm. |
||
| 505 | _a1. Incertidumbre y beneficios - 2. Pronóstico económico y comercial - 3. La demanda de la producción comercial - 4. Costo y producción a corto plazo - 5. Costo de producción a largo plazo - 6. Política de precios cuando los vendedores son pocos - 7. Teoría del juego y decisiones a tomar en los negocios - 8. Diversificación de productos - 9. Discriminación de precios - 10. Empleo de hombres y máquinas - 11. Financiación de inversiones - 12. Ubicación de plantas - 13. Los impuestos y la empresa - 14. El gobierno y los grandes negocios - | ||
| 041 | _aspa | ||
| 942 | _cBK | ||
| 590 | _aniveau_biblio:m niveau_hierar:0 | ||
| 100 | 1 | _aColberg, Marshall R. | |
| 700 | 1 | _aBradford, William C. | |
| 700 | 1 | _aAlt, Richard M. | |
| 999 |
_c36425 _d36425 |
||